00628nam a2200205Ia 450000500170000000800410001702000180005804000180007604100080009408200210010210000190012324500790014225000120022126000500023330000230028365000310030665000410033770000190037870000250039720220314160831.0210716s2005 xx 000 0 und d a9780195669862 cAIMIT LIBRARY aeng a658.87 21bBAJC aBajaj, Chetan. aRetail management /cBy Chetan Bajaj, Rajnish Tuli and Nidhi V Srivastava. a1st ed. aNew Delhi :bOxford University Press ,c2005. aX, 698p. ;c24 cm. aRetail market segmentation aRelationship marketing in retailling aTuli, Rajnish. aSrivastava, Nidhi V.